Text book of extension education / (Record no. 13524)
[ view plain ]
| 000 -LEADER | |
|---|---|
| fixed length control field | 00401cam a2200157ua 4500 |
| 003 - CONTROL NUMBER IDENTIFIER | |
| control field | OSt |
| 008 - FIXED-LENGTH DATA ELEMENTS--GENERAL INFORMATION | |
| fixed length control field | 190523b ||||| |||| 00| 0 eng d |
| 020 ## - INTERNATIONAL STANDARD BOOK NUMBER | |
| ISBN | 9788183211451 |
| 082 ## - DEWEY DECIMAL CLASSIFICATION NUMBER | |
| Classification number | 370.0715 |
| Item number | SUP/TE |
| 100 ## - MAIN ENTRY--AUTHOR NAME | |
| Personal name | Supe, S.V . |
| 245 ## - TITLE STATEMENT | |
| Title | Text book of extension education / |
| 250 ## - EDITION STATEMENT | |
| Edition statement | 3/ |
| 260 ## - PUBLICATION, DISTRIBUTION, ETC. (IMPRINT) | |
| Place of publication | Udaypur : |
| Name of publisher | Agro-tech publishing academy , |
| Year of publication | 2009. |
| 300 ## - PHYSICAL DESCRIPTION | |
| Number of Pages | 332; . |
| 942 ## - ADDED ENTRY ELEMENTS (KOHA) | |
| Koha item type | Books |
| Withdrawn status | Lost status | Damaged status | Home library | Current library | Date acquired | Full call number | Accession Number | Koha item type | Collection code | Shelving location | Cost, normal purchase price |
|---|---|---|---|---|---|---|---|---|---|---|---|
| KAUAET | KAUAET | 07/04/2012 | 370.0715 | 22002 | Books | ||||||
| KAUAET | KAUAET | 31/03/2012 | 370.0715 SUP/TE | 23331 | Books | Non-fiction | General Stacks | 800.00 | |||
| KAUAET | KAUAET | 31/03/2012 | 370.0715 SUP/TE | 23332 | Books | Non-fiction | General Stacks | 800.00 | |||
| KAUAET | KAUAET | 31/03/2012 | 370.0715 SUP/TE | 23333 | Books | Non-fiction | General Stacks | 800.00 | |||
| KAUAET | KAUAET | 31/03/2012 | 370.0715 SUP/TE | 23334 | Books | Non-fiction | General Stacks | 800.00 | |||
| KAUAET | KAUAET | 31/03/2012 | 370.0715 SUP/TE | 23335 | Books | Non-fiction | General Stacks | 800.00 | |||
| KAUAET | KAUAET | 23/05/2019 | 370.0715 SUP/TE | 25861 | Books | Non-fiction | General Stacks | ||||
| KAUAET | KAUAET | 23/05/2019 | 370.0715 SUP/TE | 25862 | Books | Non-fiction | General Stacks |
